Contaminación fecal en varios ríos de la Gran Área Metropolitana y la Península de Osa (Registro nro. 8067)
[ vista simple ]
| 000 -Líder | |
|---|---|
| fixed length control field | 00747nam a22002177a 4500 |
| 005 - Fecha y hora de la última transacción | |
| Campo de control | 20160627195805.0 |
| 008 - Elementos de longitud fija--Información general | |
| Campo de control de longitud fija | 160506b xxu||||| |||| 00| 0 spa d |
| 022 ## - Número Internacional de Publicaciones Seriadas | |
| Número Internacional de Publicaciones Seriadas (ISSN) | 03793982 |
| 082 ## - Clasificación Decimal Dewey | |
| Número de clasificación | Tecnología en Marcha Vol 25, N° 4 2012 |
| 100 ## - Entrada principal--Autor personal | |
| Autor personal | Calvo Brenes, Guillermo |
| 100 ## - Entrada principal--Autor personal | |
| Autor personal | Mora Molina, Jesús |
| 245 ## - Título propiamente dicho | |
| Título | Contaminación fecal en varios ríos de la Gran Área Metropolitana y la Península de Osa |
| 260 ## - PUBLICACIÓN, DISTRIBUCIÓN, ETC. | |
| Lugar de publicación | Costa Rica |
| Editorial | Editorial Tecnológica de Costa Rica |
| Año de publicación | 2012 |
| 300 ## - Descripción física | |
| Extensión | páginas 33-39 |
| 440 ## - Declaración de serie/asiento adicional--título | |
| Título de la serie | Tecnología en Marcha |
| 650 ## - Materia general | |
| Temática (materia general) | COSTA RICA |
| 650 ## - Materia general | |
| Temática (materia general) | CONTAMINACIÓN DE RÍOS |
| 650 ## - Materia general | |
| Temática (materia general) | COLIFORMES FECALES |
| 650 ## - Materia general | |
| Temática (materia general) | CALIDAD DE AGUAS |
| 942 ## - Punto de acceso adicional KOHA | |
| Punto de acceso adicional KOHA | Revista |
No hay ítems disponibles.